| 000 | 00770nam a2200205Ii 4500 | ||
|---|---|---|---|
| 003 | JO-AjNU | ||
| 008 | 230605s9999||||xx |||||||||||||| ||und|| | ||
| 040 |
_aJO-AjNU _bara _erda _cJO-AjNU |
||
| 041 | _aara | ||
| 050 | 1 | 4 | _aBP166.8.G4222 1997 |
| 100 | 3 |
_aالغزالي، أبي حامد محمد بن محمد ، تقديم وتعليق: لوسيان غوتييه, _eauthor _98284 |
|
| 245 | 0 | 0 | _a الدرة الفاخرة في كشف علوم الآخرة |
| 250 | _aط1 | ||
| 264 | 3 | 1 | _aبيروت-طرابلس: المكتبة الثقافية، مكتبة السائح، 1997 |
| 300 | _a127ص | ||
| 336 |
_atext _btxt _2rdacontent |
||
| 337 |
_aunmediated _bn _2rdamedia |
||
| 338 |
_avolume _bnc _2rdacarrier |
||
| 650 | 4 |
_aيوم القيامة- الموت _98285 |
|
| 999 |
_aA710 _c4278 _d4278 |
||